01141nam a2200193Ia 4500001001000000003001000010008004100020040002500061041001400086100002500100245003400125250001100159260008900170300001200259500026000271501011400531520026000645650004200905L180-1586IT-CnALBA170116s9999||||xx |||||||||||||| ||und|| aIT-CnALBAcIT-CnALBA aFRANCESE  aGARIBOL IBN SHELOMOH 0aLA SOURCE DE VIE. LIVRE III.  a1a ed. a PARISbVRIN J. LIBRAIRIE PHILOSOPH. c1950 [1° Ed.:1950 - Ed.Ling.Originale: 1950] a190 p.  aTRADUZIONE INTRODUZIONE E NOTE DI BRUNNER FERNAMD. ACCIDENTE ATTO AZIONE ANIMA. CALORE CIELO CONSCENZA CORPO COLORE. CEAZIONE DIO DIREZIONE DISPERSIONE EMANAZIONE. AVVOLGIMENTO SPIRITO ESSENZA ETRNITA'. ESISTENZA LIMITATO FORZA FORMA. GENERE UOMO. FANTASI aSocietà San Paolo EM - Piazza San Paolo, 14 - 12051 ALBA (CN) (non commercial uses only) ® Copyright 2017 aTRADUZIONE INTRODUZIONE E NOTE DI BRUNNER FERNAMD. ACCIDENTE ATTO AZIONE ANIMA. CALORE CIELO CONSCENZA CORPO COLORE. CEAZIONE DIO DIREZIONE DISPERSIONE EMANAZIONE. AVVOLGIMENTO SPIRITO ESSENZA ETRNITA'. ESISTENZA LIMITATO FORZA FORMA. GENERE UOMO. FANTASI aFILOSOFIA ANTICA MEDIOEVALE ORIENTALE